| 000 | 00978nam a22002777i 4500 | ||
|---|---|---|---|
| 003 | EG-ScBUE | ||
| 005 | 20221121033047.0 | ||
| 008 | 220731s1993 ua f 000 j ara d | ||
| 017 | _a93 / 5996 | ||
| 020 | _a9775365082 | ||
| 040 |
_aEG-ScBUE _bara _erda _cEG-ScBUE _dEG-ScBUE |
||
| 082 | 0 | 4 |
_222 _a892.736 _bم و س |
| 100 | 1 |
_aموسى، سلامة، _d1887-1958، _eمؤلف. |
|
| 245 | 1 | 0 |
_aزوجي تزوج : _bمجموعة قصصية / _cسلامة موسى. |
| 250 | _aالطبعة الأولى. | ||
| 264 | 1 |
_aالقاهرة ؛ _aالإسكندرية : _bدار ومطابع المستقبل، _c1993. |
|
| 300 |
_a202 صفحة ؛ _c24 سم |
||
| 336 |
_2rdacontent _aنص _btxt |
||
| 337 |
_2rdamedia _aبدون وسيط _bn |
||
| 338 |
_2rdacarrier _aمجلد _bnc |
||
| 541 | _aBook from store. | ||
| 650 | 7 |
_aالقصص القصيرة العربية _yقرن 20. _2BUEsh |
|
| 653 |
_bARALIT _cNovember2022 |
||
| 655 | _vReading book | ||
| 942 | _2ddc | ||
| 999 |
_c29997 _d29968 |
||